Slovenský Homér tento rok si pripomenieme 160. výročie úmrtia básnika Jána Hollého, ...

Bibliographic Details
Main Author: Bábik, Ján, 1956- (Author)
Format: Article
Language:Slovak
PhysicalDescription:Fotogr.
ISSN:0323-0643
Subjects:

MARC

LEADER 00000nab a2200000 a 4500
001 vtls009511930
003 SK-MaSNL
005 20260304035627.0
008 140625 2009 xo 000 0 slo
038 |a TNKJF 
040 |a TNKJF  |b slo  |c TNKJF  |e AACR2 
041 0 |a slo 
044 |a xo  |c SK 
080 |a 821.162.4-1  |2 2001 
080 |a 929 Hollý, Ján  |2 2001 
100 1 |a Bábik, Ján,  |d 1956-  |4 aut  |9 159420 
245 1 0 |a Slovenský Homér  |b tento rok si pripomenieme 160. výročie úmrtia básnika Jána Hollého, ...  |c Ján Bábik 
300 |b Fotogr. 
500 |a Biogr. údaje 
600 1 7 |a Hollý, Ján,  |d 1785-1849  |2 tnkjf  |9 16461 
650 0 7 |a osobnosti  |2 tnkjf  |9 29820 
651 7 |a Madunice (Slovensko)  |2 tnkjf  |9 16145 
651 7 |a Dobrá Voda (Slovensko)  |2 tnkjf  |9 100197 
773 0 |t Krásy Slovenska  |g Roč. LXXXVI, č. 5-6 (2009), s. 58-61  |x 0323-0643 
852 |a TNKJF  |b KIS3GCP 
958 |a BX 
999 |c 2659080  |d 2661010